000 00486nam a22001817a 4500
005 20160624140818.0
010 _aENG-115176
020 _a9789385755088
_c350.00
035 _aEN-98708
037 _bDBAD/PUB
082 _aN
100 _aAliyyah Eniath
245 _aThe yard /
_cby Aliyyah Eniath
260 _aNew Delhi
_bSpeaking Tiger
_c2016
270 _a4381/4, Ansari Road, Daryaganj,
_bNew Delhi
_e110002
300 _aviii,272p.
_c22cm(pbk)
942 _2ddc
_cEN
_mALI
_hN
999 _c100138
_d100138